000 02659nam0a2200409 4500
001 RU\NLR\BIBL_A\011772375
005 20181010103218.0
010 _a978-5-00078-211-8
_9500
021 _aRU
_bКН-П-18-052348
_9КН-П-18-3767
035 _a(NLR Aleph) 011772375
035 _a(RuMoRGB)009691632
090 _a11733636
_c11733636
100 _a20180820d2018 k y0rusy50 ca
101 0 _arus
_deng
102 _aRU
105 _aa zzzz||000zy
200 1 _aПрограммно-технические, экономические и законодательные аспекты использования свободного программного обеспечения
_dHardware and software, economic and legal aspects of free software use
_eмонография
_fИ. В. Ушаков
_gМинистерство образования и науки Российской Федерации, Федеральное государственное бюджетное образовательное учреждение высшего образования "Тамбовский государственный университет имени Г. Р. Державина"
_zeng
210 _aТамбов
_cДержавинский
_d2018
215 _a123 с.
_cил., табл.
_d21
300 _aАвт. также на англ. яз.: I.V. Ushakov
300 _aРез. англ.
313 _aДан краткий обзор программ входящих в пакет открытого офиса (Open Office.org)
320 _aБиблиогр.: с. 117-123 (53 назв.)
510 1 _6z22790
_aHardware and software, economic and legal aspects of free software use
_zeng
606 1 _aПрограммные продукты
_xУправление
_2nlr_sh2
_3RU\NLR\AUTH\661493527
606 1 _aКомпьютеры
_xПрограммное обеспечение
_xПравовая охрана
_yРоссийская Федерация
_2nlr_sh1
_2nlr_sh2
_3RU\NLR\AUTH\661275623
606 1 _aOPENOFFICE.ORG, пакет прикладных программ
_2nlr_sh2
_3RU\NLR\AUTH\661426382
686 1 _aУ.в612
686 1 _aХ623.32
686 1 _aЗ973.23-018.2"OPENOFFICE"
700 1 _aУшаков
_bИ. В.
_cд-р техн. наук, канд. физ.-мат. наук
_f1972-
_gИван Владимирович
_3RU\NLR\AUTH\7751195
790 1 _6z22510
_aUšakov
_bI. V.
_cд-р техн. наук, канд. физ.-мат. наук
_f1972-
_gIvan Vladimirovič
_3RU\NLR\AUTH\7751196
942 _cBOOK
980 _aNBR
980 _aNB